Multiple Choice Transport Quiz — Singapore #2 - Statistics

General Stats
  • This quiz has been taken 40 times
  • The average score is 4 of 10
Answer Stats
Question Answer % Correct
Which of these bus routes plies the longest distance? Service 858
85%
What is the track gauge of all Singapore MRT tracks? 1,435mm (Standard)
65%
Which bus service is popular among paranormal investigators in Singapore? Service 975
65%
Which of the 5 original MRT stations has a unique platform layout today? Bishan
45%
Which is the longest MRT line by operational track length? East-West Line
38%
Which one of these 4 bus companies was not merged to form Singapore Bus Service, which we now call SBS Transit? Green Bus Company
33%
What is the predominant colour at Novena station platforms? Green
30%
What is the daily ridership of the MRT system, for the year of 2024? Between 3.3 million and 3.5 million
25%
People know Dr Goh Keng Swee as the man to argue in favour of an all-bus system. What was Dr Goh Keng Swee's intention? Watertight and firm up the argument for an MRT system.
25%
Which was the first double decker bus in Singapore? Leyland Atlantean
10%
No matching quizzes found
Score Distribution
Percent of People with Each Score
Percentile by Number Answered
Your Score History
You have not taken this quiz